000 01869nam a2200217Ia 4500
003 Ost
005 20260507075715.0
008 260507s9999||||xx |||||||||||||| ||und||
020 _a9789931748694
040 _cfsecg
041 _aara
082 _a658.4092
100 _aسيدي صالح، صبرينة
_eمؤلف
245 0 _aالقيادة الإدارية :
_bالمفاهيم والنظريات /
_c صبرينة سيدي صالح
260 _aالجزائر:
_bدار الباحث للطباعة والنشر والتوزيع,
_c2022
300 _a190 صفحة؛
_bإيضاحات ؛
_c24 سم
504 _aمراجع ص.170
520 _aتناولنا من خلال هذا الكتاب العديد من العناصر التي تهدف إلى تشريح مفهوم القيادة والاحاطة به، حيث تتضمن هذا الأخير مدخلا عاما إلى القيادة الادارية، بعدها تطرقنا إلى مهارات القيادة الادارية، ثم القيادة الادارية في ظل بعض النظريات بدءا بالقيادة الادارية في ظل المدرسة الكلاسيكية ، ثم تصورات القيادة الادارية في الفكر الإداري، فالنظريات التقليديةللقيادة النظريات الذاتية، وبعدها النظرية السلوكية في القيادة، ثم انتقلنا إلى النظرية الموقفية في القيادة، لنتحدث عن النظرية الوظيفية في القيادة، والنظرية التفاعلية والنظرية التبادلية في القيادة، وكذا تناولنا الأنماط القيادية، وفي الختام احطنا بالقيادة واستراتيجية اتخاذ القرار.
653 _aالقيادة الادارية
942 _cكتاب
999 _c45917
_d45917